00872nam a22002057a 45000050016000000100013000160200026000290350013000550370017000680820008000852450104000932600043001972700140002403000026003807000033004067000027004399420022004669990017004889520161005052012080100180.0 aB-475599 a9788123017679c345.00 aB-475599 adplbRBC/Ven a954 aIndia 2012:ba reference annual /ccompiled and edited by Research, Reference and Training Division aNew Delhi bPublication Divisionc2012 aMinistry of Information and Broadcasting, Govt. of India, Soochna Bhawan, CGO Complex Lodhi Road, bNew Delhi e110003mdpd@mail.nic.in a1401p. c24cm. (pbk)  aSrivastava, Dayawanti950666 aBhatt, Rajendra950667 2ddccENmINDh954 c68815d68815 001040718REFaLbLd2012-08-06eRBC/28330/23.03.2012/7/22.02.2012/30.3.2012g345.00l0o954 INDpB-475599r2012-08-06 00:00:00t1v345.00w2012-08-06yEN